000 00345nam a2200133Ia 4500
005 20260328101442.0
008 260328s9999||||xx |||||||||||||| ||und||
100 _aWolf, K.L.
245 0 _aForma y simetría :
_b Una sistemática de los cuerpos simétricos /
_cK.L. Wolf
260 _bEudeba
300 _a55 p.
650 _aDIBUJO
942 _cBK
999 _c8326
_d8326